Công nhân với nhiệm vụ sản xuất lương thực

Сохранить в:
Библиографические подробности
Главный автор: Lê Hồng Tâm
Формат:
Язык:Vietnamese
Опубликовано: H. Lao động 1979
Предметы:
Метки: Добавить метку
Нет меток, Требуется 1-ая метка записи!
Thư viện lưu trữ: Trung tâm Học liệu Lê Vũ Hùng, Trường Đại học Đồng Tháp
LEADER 00765pam a22002418a 4500
001 00025002
005 20171026081022.0
008 110729s1979 ||||||viesd
041 0 # |a vie 
082 1 4 |a 630.92  |b C455NH 
100 1 # |a Lê Hồng Tâm 
245 1 0 |a Công nhân với nhiệm vụ sản xuất lương thực  |c Lê Hồng Tâm 
260 # # |a H.  |b Lao động  |c 1979 
300 # # |a 71tr.  |c 19 cm. 
650 # 4 |a Công nhân 
650 # 4 |a Việt Nam 
650 # 4 |a Nông nghiệp 
650 # 4 |a Lương thực 
650 # 4 |a Nhiệm vụ sản xuất 
852 # # |j KD.0006594 
852 # # |b Kho đọc  |j KD.0006594 
910 |d 29/07/2011 
980 # # |a Trung tâm Học liệu Lê Vũ Hùng, Trường Đại học Đồng Tháp